Southville International School and Colleges
Your cart is empty.
  • Cart
  • Lists
    Public lists Eva Luna New books Lux_list list_1
    Your lists Log in to create your own lists
  • Log in to your account
  • Your cookies
  • Search history
Southville International School and Colleges
  • Advanced search
  • Recent comments
  • Most popular
  • Libraries

Log in to your account

Log in with GOOGLE


If you do not have an external account, but do have a local account, you can still log in:

  1. Home
  2. MARC view: Social philosophy 2 :
Normal view MARC view ISBD view

Social philosophy 2 : (Record no. 291225)

[ view plain ]
MARC details
000 -LEADER
fixed length control field 00715nam a2200265Ia 4500
008 - FIXED-LENGTH DATA ELEMENTS--GENERAL INFORMATION
fixed length control field 160303s9999 xx 000 0 und d
020 ## - INTERNATIONAL STANDARD BOOK NUMBER
International Standard Book Number 971-23-4378-2
050 ## - LIBRARY OF CONGRESS CALL NUMBER
Classification number FIL BJ 1012
050 ## - LIBRARY OF CONGRESS CALL NUMBER
Item number .A46 2005 c.1
100 ## - MAIN ENTRY--PERSONAL NAME
Personal name Almeida, Adelaida B.
245 ## - TITLE STATEMENT
Title Social philosophy 2 :
245 ## - TITLE STATEMENT
Remainder of title including general and professional ethics for teachers /
245 ## - TITLE STATEMENT
Statement of responsibility, etc Adelaida B. Almeida.
260 ## - PUBLICATION, DISTRIBUTION, ETC. (IMPRINT)
Place of publication, distribution, etc Manila:
260 ## - PUBLICATION, DISTRIBUTION, ETC. (IMPRINT)
Name of publisher, distributor, etc Rex Book Store, Inc.,
260 ## - PUBLICATION, DISTRIBUTION, ETC. (IMPRINT)
Date of publication, distribution, etc 2005
300 ## - PHYSICAL DESCRIPTION
Extent 101 pages :
300 ## - PHYSICAL DESCRIPTION
Other physical details illustrations ;
300 ## - PHYSICAL DESCRIPTION
Dimensions 22 cm.
500 ## - GENERAL NOTE
General note Includes index.
650 ## - SUBJECT ADDED ENTRY--TOPICAL TERM
Topical term or geographic name as entry element Ethics --
650 ## - SUBJECT ADDED ENTRY--TOPICAL TERM
Topical term or geographic name as entry element Teachers --
650 ## - SUBJECT ADDED ENTRY--TOPICAL TERM
General subdivision Philosopy.
650 ## - SUBJECT ADDED ENTRY--TOPICAL TERM
General subdivision Professional ethics -- Philippines.
Holdings
Withdrawn status Lost status Damaged status Home library Current library Shelving location Date acquired Total Checkouts Full call number Barcode Date last seen Price effective from Koha item type
      South Mansfield College South Mansfield College Filipiniana Section 01/09/2008   FIL BJ 1012 .A46 2005 c.1 SMC03729 03/03/2016 03/03/2016  

Social philosophy 2 :

APA

Almeida A. B., .Social philosophy 2. Manila: .

Chicago

Almeida Adelaida B, .Social philosophy 2. Manila: .

Harvard

Almeida A. B., .Social philosophy 2. Manila: .

MLA

Almeida Adelaida B, .Manila: . .

  • Place hold
  • Print
  • Cite
  • Add to your cart (remove)
  • Save record
    BIBTEX Dublin Core MARCXML MARC (non-Unicode/MARC-8) MARC (Unicode/UTF-8) MARC (Unicode/UTF-8, Standard) MODS (XML) RIS
  • More searches
    Search for this title in:
    Other Libraries (WorldCat) Other Databases (Google Scholar) Online Stores (Bookfinder.com) Open Library (openlibrary.org)

Exporting to Dublin Core...

SOUTHVILLE LIBRARY

Southville International School and Colleges Library

1281 Tropical Ave. Cor. Luxembourg St., BF Homes International, Las Pinas City

Tel. No. 8256374 / 252358 Loc. 117/146

Powered by Koha